| 000 | 00617nam a22002177a 4500 | ||
|---|---|---|---|
| 001 | 00027819 | ||
| 005 | 20260112111121.0 | ||
| 008 | 260112b ag a|||| |||| 00| 0 spa d | ||
| 020 | _a9507541918 | ||
| 040 |
_aAR-CcCEOS _bspa _cAR-CcCEOS |
||
| 041 | _aspa | ||
| 080 | _a910.4 | ||
| 090 | _bFON | ||
| 100 | 1 |
_aFontana Iñiguez, Rodolfo, _d1924-1973 _931 |
|
| 245 |
_aViaje de exploración en la Patagonia Austral / _cLuis Jorge Fontana |
||
| 250 | _a1ª ed. | ||
| 264 |
_aBuenos Aires, _bcontinente : _cc2006 |
||
| 300 |
_a117 p. _bil. byn. _c24x15 cm. |
||
| 655 | 0 |
_arelatos de viajes _932 |
|
| 942 |
_2udc _cBK _n0 |
||
| 999 |
_c27824 _d27824 |
||